Opponents Pele Scored Against in FIFA World Cups - Statistics

General Stats
  • This quiz has been taken 96 times
  • The average score is 8 of 12
Answer Stats
Hint Answer % Correct
5 1958 Final Sweden
87%
6 1958 Final Sweden
87%
12 1970 Final Italy
86%
2 1958 Semifinal France
79%
3 1958 Semifinal France
79%
4 1958 Semifinal France
79%
7 1962 Group Stage Mexico
56%
9 1970 Group Stage Czechoslovakia
45%
1 1958 Quaterfinal Wales
44%
8 1966 Group Stage Bulgaria
40%
10 1970 Group Stage Romania
36%
11 1970 Group Stage Romania
36%
No matching quizzes found
Score Distribution
Percent of People with Each Score
Percentile by Number Answered
Your Score History
You have not taken this quiz